Introduction to the Mori program

Saved in:
Bibliographic Details
Main Author: Matsuki, Kenji 1958-
Format: Book
Language:English
Published: New York : Springer, c2002
Series:Universitext
Subjects:
Tags: Add Tag
No Tags, Be the first to tag this record!

MARC

LEADER 00000nam a2200000 i 4500
001 1/44720
008 031110s2002 eng d
020 |a 0-387-98465-8 
035 |l 10071598 
040 |a GR-MY-UA  |b gre  |e aacr 
041 0 |a eng 
082 0 |a 516.353 
100 1 |a Matsuki, Kenji  |d 1958- 
245 1 0 |a Introduction to the Mori program /  |c Kenji Matsuki 
260 |a New York :   |b Springer,   |c c2002 
300 |a xxiii, 478 p.;  |b ill.;  |c 25 cm. 
490 1 |a Universitext 
504 |a Includes bibliographical references and index 
650 0 0 |a Algebraic varieties  |x Classification theory. 
830 0 |a Universitext 
852 |a INST  |b SAMOS  |e 20031110  |h 516.353 MAT  |p 005300023661  |q 005300023661  |t BK  |y 0 
901 |a BIBL3-2003-3 
909 |a Σ  |b 106816 
922 |a 3ΕΛΗ  |b 200309  |c ΕΠΕΑΕΚ2/ΤΜΗΜΑ ΜΑΘΗΜΑΤΙΚΩΝ  |d ΜΙΧΑΛΟΠΟΥΛΟΣ 
950 |a 116-2003-09-07 
970 |a ΚΟΣΙΕΡΗΣ  |b ΧΡΗΣΤΟΣ  |z 2003/11/13